Ekonomika pro 4. ročník středních ekonomických škol, studijní obor ekonomika obchodu a služeb /

Hlavní autor: Prachár, Juraj
Další autoři: Šulajová, Irena, 1938-, Janíková, Helena
Jazyk: Čeština
Vydáno: Praha : SPN, 1987
Vydání: 1. vyd.
Edice: Učebnice pro střední školy
Témata:
Fyzický popis: 191 s.
Knihy
Uloženo v:
LEADER 01040nam a22002652a 4500
001 000059753
003 CZ BrMZK
005 20070822103541.0
008 950407s1987 xr f cze d
040 |a BOA001  |b cze 
080 |a 372.833.93(075.3):377.5  |2 MRF 
100 1 |a Prachár, Juraj  |7 jx20040616051 
245 1 0 |a Ekonomika pro 4. ročník středních ekonomických škol, studijní obor ekonomika obchodu a služeb /  |c Juraj Prachár, Helena Janíková, Irena Šulajová 
250 |a 1. vyd. 
260 |a Praha :  |b SPN,  |c 1987 
300 |a 191 s. 
490 1 |a Učebnice pro střední školy 
700 1 |a Šulajová, Irena,  |d 1938-  |7 xx0055999 
700 1 |a Janíková, Helena  |7 xx0054962 
830 0 |a Učebnice pro střední školy 
910 |a BOA001  |b PK-0106.114 
964 |a Ekonomika obchodní - učebnice - školy ekonomické střední 
964 |a Ekonomika služeb - učebnice - školy ekonomické střední 
990 |a BK 
996 7 |b 3119973824  |c PK-0106.114  |l MZK  |r Sklad / do 1 hodiny  |n 0  |w 000059753  |u 000010  |a 1  |e BOA001  |j MZK50  |s A